[Event "leking"]
[Site "http://www.queenalice.com/game.php?id=777852"]
[Date "2010.5.19"]
[Round "-"]
[White "leking"]
[Black "Doppelgangland"]
[Result "0-1"]
[WhiteElo "1653"]
[BlackElo "1860"]

1. e4 e6 2. Nf3 d5 3. exd5 exd5 4. d4 Nf6 5. Bd3 Be7 6. Nc3 Bg4 7. h3 Bh5 8. g4
Bg6 9. Bxg6 hxg6 10. Ne5 Nbd7 11. Bf4 c6 12. Qd2 Bb4 13. a3 Bxc3 14. Qxc3 Ne4
15. Qd3 Qf6 16. Qe3 g5 17. f3 Nd6 18. Nxc6+ Kf8 19. Be5 Qe6 20. Nb4 Nc4 21. Qe2
Re8 22. c3 f6 23. Nd3 fxe5 24. dxe5 Ndxe5 25. O-O-O Qb6 26. Nb4 Qe3+ 27. Qxe3
Nxe3 28. Rd2 Ng6 29. Nxd5 Nxd5 30. Rxd5 Re5 31. Rd7 Rb5 0-1

[Event "leking"]
[Site "http://www.queenalice.com/game.php?id=777853"]
[Date "2010.5.19"]
[Round "-"]
[White "Doppelgangland"]
[Black "leking"]
[Result "1-0"]
[WhiteElo "1852"]
[BlackElo "1661"]

1. d4 d5 2. c4 dxc4 3. Nf3 Nf6 4. Nc3 e6 5. e4 Bd7 6. Bxc4 Bb4 7. Bd3 O-O 8. Qc2
Re8 9. e5 Nd5 10. Bxh7+ Kh8 11. Be4 Be7 12. Nxd5 exd5 13. Bxd5 Nc6 14. Bxf7 Rf8
15. Bb3 a6 16. Be3 Bb4+ 17. Nd2 b5 18. O-O-O Na5 19. Bd5 c6 20. Bf3 Nb7 21. Ne4
Na5 22. Ng5 Rf5 23. h4 Qf8 24. g4 Rxf3 25. Qh7# 1-0

[Event "Torneo Mundial"]
[Site "http://www.queenalice.com/game.php?id=782854"]
[Date "2010.5.30"]
[Round "1"]
[White "rootgauss"]
[Black "Doppelgangland"]
[Result "0-1"]
[WhiteElo "1621"]
[BlackElo "1868"]

1. e4 e6 2. Nf3 d5 3. d4 dxe4 4. Ne5 Bd6 5. Nc4 Nc6 6. c3 Bd7 7. Nbd2 Nf6 8. f3
e3 9. Nxe3 Bf4 10. Nec4 Nd5 11. Ne4 f5 12. Nc5 Qh4+ 13. Ke2 Bxc1 14. Qxc1 O-O-O
15. g3 Qh5 16. Bg2 b6 17. Nxd7 Rxd7 18. Ne3 Re8 19. c4 Nxd4+ 20. Kf2 Nb4 21. Rd1
e5 22. Qc3 f4 23. Qxb4 fxe3+ 24. Kxe3 Nc2+ 0-1

[Event "Challenge"]
[Site "http://www.queenalice.com/game.php?id=785494"]
[Date "2010.6.4"]
[Round "-"]
[White "cruiseymorph"]
[Black "Doppelgangland"]
[Result "1-0"]
[WhiteElo "1720"]
[BlackElo "1874"]

1. e4 e6 2. f4 d5 3. e5 c5 4. Bb5+ Bd7 5. c4 Bxb5 6. cxb5 b6 7. Nf3 g6 8. f5
exf5 9. d4 cxd4 10. O-O Bc5 11. Qd3 a6 12. Bd2 a5 13. Na3 Nd7 14. Nc2 Nf8 15.
Rac1 Ne6 16. Ncxd4 Rc8 17. Kh1 Bxd4 18. Nxd4 Ne7 19. Bh6 Nc5 20. Qe3 Ne4 21. Bg7
Rg8 22. Bf6 Qd7 23. Bxe7 Kxe7 24. Nc6+ Kf8 25. Qxb6 Kg7 26. a4 Nd2 27. Qd4 Nb3
28. e6+ Kf8 29. exd7 1-0

[Event "Challenge"]
[Site "http://www.queenalice.com/game.php?id=785495"]
[Date "2010.6.4"]
[Round "-"]
[White "Doppelgangland"]
[Black "cruiseymorph"]
[Result "1-0"]
[WhiteElo "1833"]
[BlackElo "1798"]

1. d4 f5 2. c4 d6 3. Nc3 e5 4. dxe5 dxe5 5. Qxd8+ Kxd8 6. Nf3 Nc6 7. e3 Nf6 8.
b3 h6 9. Bb2 Ng4 10. h3 e4 11. Nd4 Nxd4 12. exd4 Nf6 13. Ne2 Bd7 14. a3 a5 15.
Nf4 Be7 16. Ng6 Rg8 17. Be2 b6 18. d5 Be8 19. Nf4 g5 20. Ne6+ Kc8 21. Be5 Bd6
22. Bxf6 Kb7 23. O-O Rg6 24. Bd4 Bd7 25. c5 Bxe6 26. dxe6 bxc5 27. Bc3 Rxe6 28.
Bc4 Re7 29. Rfd1 e3 30. fxe3 Rxe3 31. Bg7 Be5 32. Bxe5 Rxe5 33. Rd7 h5 34. Rad1
Kb6 35. R7d5 Rae8 36. Rxe5 Rxe5 37. Rd5 Rxd5 38. Bxd5 Kb5 39. Bc4+ Kc6 40. Be6
f4 41. Kf2 Kd6 42. Bf7 h4 43. Kf3 Ke5 44. Kg4 Kf6 45. Bc4 Kg6 46. Bd3+ Kf6 47.
Bc2 c6 48. Bd3 1-0

[Event "Challenge"]
[Site "http://www.queenalice.com/game.php?id=786670"]
[Date "2010.6.7"]
[Round "-"]
[White "galo4kid"]
[Black "Doppelgangland"]
[Result "1-0"]
[WhiteElo "1781"]
[BlackElo "1852"]

1. g3 d5 2. d4 Nf6 3. Nc3 Bf5 4. Bg2 c6 5. Nf3 e6 6. Ne5 Nbd7 7. Bf4 Nxe5 8.
Bxe5 Bd6 9. O-O Bxe5 10. dxe5 Nd7 11. Qd4 Bxc2 12. Bh3 Bg6 13. e4 c5 14. Qa4 d4
15. Nb5 Bxe4 16. Nd6+ Ke7 17. Nxe4 b6 18. Bg2 a5 19. Qc6 Nxe5 20. Qb5 Rb8 21. f4
Ng4 22. Rfe1 Ne3 23. Re2 Qd5 24. Bh1 Qc4 25. Nc3 dxc3 26. Qc6 Qxe2 27. Qc7+ Kf6
28. Qe5+ Kg6 29. Qg5# 1-0

[Event "Challenge"]
[Site "http://www.queenalice.com/game.php?id=786671"]
[Date "2010.6.7"]
[Round "-"]
[White "galo4kid"]
[Black "Doppelgangland"]
[Result "1-0"]
[WhiteElo "1813"]
[BlackElo "1855"]

1. d4 d5 2. g3 c6 3. Nf3 Bg4 4. Ne5 Be6 5. e3 Nd7 6. Bd3 Nxe5 7. dxe5 d4 8. e4
Qa5+ 9. Bd2 Qxe5 10. Bf4 Qa5+ 11. c3 Nf6 12. e5 Nd5 13. b4 Qb6 14. Qa4 Nxc3 15.
Nxc3 dxc3 16. O-O Bd5 17. Rfd1 e6 18. a3 Be7 19. Qc2 g6 20. Qxc3 Rc8 21. Bh6 a6
22. Rdb1 Rg8 23. Be3 Qc7 24. a4 Bf8 25. a5 Bg7 26. Bd4 Qd7 27. Qc5 Bf8 28. Qc3
Bg7 29. Rd1 Qc7 30. Re1 Bf8 31. Bb6 Qe7 32. b5 Qb4 33. Qc1 Bg7 34. bxa6 bxa6 35.
Bxa6 Ra8 36. Bb7 Rb8 37. Bxc6+ Bxc6 38. Qxc6+ 1-0

[Event "Torneo Mundial"]
[Site "http://www.queenalice.com/game.php?id=805200"]
[Date "2010.7.18"]
[Round "2"]
[White "REUSKING"]
[Black "Doppelgangland"]
[Result "1/2-1/2"]
[WhiteElo "2033"]
[BlackElo "1848"]

1. e4 e6 2. d4 d5 3. exd5 exd5 4. Bd3 c5 5. dxc5 Bxc5 6. Nf3 Nf6 7. Bf4 O-O 8.
O-O Qb6 9. b3 Re8 10. Nc3 Bg4 11. Na4 Qc6 12. Nxc5 Qxc5 13. Be3 Qc6 14. Bd4 Nbd7
15. h3 Be6 16. Ne5 Nxe5 17. Bxe5 Bd7 18. Bb2 Re7 19. Qd2 Rae8 20. Rfe1 Ne4 21.
Bxe4 Rxe4 22. Kf1 Rxe1+ 23. Rxe1 Qa6+ 24. Kg1 Rxe1+ 25. Qxe1 Qxa2 26. Qe5 Kf8
27. Qxg7+ Ke7 28. Qe5+ Be6 29. Qc7+ Ke8 30. Bf6 Qa3 31. Qb8+ Kd7 32. Qxb7+ Ke8
33. Qb8+ Kd7 34. Qd8+ Kc6 35. Be7 Qc1+ 36. Kh2 Qf4+ 1/2-1/2

[Event "Challenge"]
[Site "http://www.queenalice.com/game.php?id=837952"]
[Date "2010.9.25"]
[Round "-"]
[White "rdaigle2003"]
[Black "Doppelgangland"]
[Result "0-1"]
[WhiteElo "1767"]
[BlackElo "1837"]

1. e4 e6 2. d4 d5 3. e5 c5 4. Nf3 cxd4 5. Nxd4 Nc6 6. Nxc6 bxc6 7. Qf3 g6 8. b3
Bg7 9. Bb2 Qc7 10. Qf4 Ne7 11. Nd2 Nf5 12. Bd3 d4 13. Nf3 Qa5+ 14. Ke2 Ba6 15.
Bxd4 Bh6 16. Qg4 Nxd4+ 17. Nxd4 Qd2+ 18. Kf1 Bxd3+ 19. cxd3 Qxd3+ 20. Ne2 Rd8
21. Kg1 Qd1+ 22. Rxd1 Rxd1# 0-1

[Event "Challenge"]
[Site "http://www.queenalice.com/game.php?id=862712"]
[Date "2010.11.23"]
[Round "-"]
[White "ORNELAS"]
[Black "Doppelgangland"]
[Result "0-1"]
[WhiteElo "1651"]
[BlackElo "1863"]

1. b3 e5 2. d3 Nc6 3. g3 Bb4+ 4. c3 Ba5 5. Bg2 d6 6. b4 Bb6 7. e3 Bd7 8. a4 a6
9. a5 Ba7 10. Nf3 Nf6 11. Nbd2 O-O 12. O-O Ng4 13. h3 Nf6 14. Ne4 Bf5 15. Nxf6+
Qxf6 16. Nh4 Bd7 17. Qe1 Qe7 18. Qe2 Rab8 19. Bd2 Nd8 20. d4 exd4 21. cxd4 Bb5
22. Qg4 Bxf1 23. Bxf1 Ne6 24. Nf5 Qf6 25. Bc3 Qg5 26. Ne7+ Qxe7 27. d5 f5 28.
Qh5 g6 29. Qf3 Ng5 30. Qe2 Rbe8 31. Re1 Ne4 32. Ba1 Nxg3 33. Qb2 Qe5 34. Qxe5
dxe5 35. fxg3 e4 36. Bc4 Rf7 37. d6 cxd6 38. Bxf7+ Kxf7 39. Bc3 Rc8 40. Bd2 d5
41. h4 Rc2 42. Rd1 d4 43. exd4 Bxd4+ 44. Kf1 Ke6 45. Ke1 e3 46. Ke2 Rxd2+ 47.
Rxd2 exd2 48. Kxd2 Bf2 49. Ke2 Bxg3 50. h5 g5 51. Kf3 Bd6 52. Ke3 Bxb4 53. Kd4
Bxa5 54. Kc4 Bb6 55. Kb4 g4 56. Kc4 g3 57. Kd3 g2 58. Ke2 g1=Q 59. h6 Qe3+ 60.
Kd1 Qf2 61. Kc1 Be3+ 62. Kb1 Kd5 63. Ka1 Kc4 64. Kb1 Kb3 65. Ka1 Qe1# 0-1

[Event "Torneo Mundial"]
[Site "http://www.queenalice.com/game.php?id=862725"]
[Date "2010.11.23"]
[Round "4"]
[White "insomnia69"]
[Black "Doppelgangland"]
[Result "1-0"]
[WhiteElo "2417"]
[BlackElo "1865"]

1. d4 d5 2. c4 e6 3. Nc3 Nf6 4. Nf3 Be7 5. Bg5 Nbd7 6. e3 O-O 7. Rc1 c6 8. cxd5
exd5 9. Bd3 Ne4 10. Bxe7 Qxe7 11. O-O Ndf6 12. Ne5 Nxc3 13. bxc3 Nd7 14. Nxd7
Bxd7 15. a4 Qg5 16. Qf3 Rfe8 17. c4 Be6 18. c5 h5 19. h3 Bd7 20. Rb1 Rab8 21. a5
a6 22. Rb6 Re6 23. Rfb1 Rf6 24. Rxb7 Rf8 25. Qg3 Qxg3 26. fxg3 Bc8 27. Rc7 g6
28. Rb8 Bf5 29. Rxf8+ Kxf8 30. Bxa6 Re6 31. Bb7 Rxe3 32. Bxc6 Ra3 33. Bxd5 Rxa5
34. Rxf7+ Ke8 35. Rh7 Ra1+ 36. Kf2 Rd1 37. Ke3 Rd3+ 38. Kf4 Rxd4+ 39. Ke5 Rd3
40. c6 Kf8 41. Kf6 1-0

[Event "Challenge"]
[Site "http://www.queenalice.com/game.php?id=865164"]
[Date "2010.11.28"]
[Round "-"]
[White "vautrien"]
[Black "Doppelgangland"]
[Result "0-1"]
[WhiteElo "1708"]
[BlackElo "1855"]

1. Nf3 d5 2. d4 Nf6 3. a3 Bg4 4. e3 e6 5. c4 c6 6. cxd5 cxd5 7. Be2 Bd6 8. Bd2
Nc6 9. Nc3 O-O 10. O-O Qc7 11. Nb5 Qe7 12. Nxd6 Qxd6 13. Rc1 Rac8 14. b4 Ne4 15.
h3 Bh5 16. Nh2 Bg6 17. Bc3 Ne7 18. Bb2 Rxc1 19. Bxc1 Nc3 20. Qd2 Rc8 21. Bb2
Nxe2+ 22. Qxe2 Rc2 0-1

[Event "Challenge"]
[Site "http://www.queenalice.com/game.php?id=876739"]
[Date "2010.12.26"]
[Round "-"]
[White "Doppelgangland"]
[Black "Esvir"]
[Result "1-0"]
[WhiteElo "1871"]
[BlackElo "1899"]

1. d4 d5 2. c4 dxc4 3. Nf3 Nf6 4. e3 c5 5. Bxc4 e6 6. O-O Nc6 7. Qe2 cxd4 8. Rd1
a6 9. exd4 b5 10. d5 bxc4 11. dxc6 Qb6 12. Be3 Qxc6 13. Ne5 Qe4 14. Nxc4 Bc5 15.
Nc3 Qc6 16. Bxc5 Qxc5 17. Nd6+ Ke7 18. Nde4 Nxe4 19. Qxe4 Bd7 20. Rac1 f5 21.
Qh4+ Ke8 22. Nd5 Qa7 23. Qe7# 1-0

[Event "Torneo Mundial"]
[Site "http://www.queenalice.com/game.php?id=884672"]
[Date "2011.1.12"]
[Round "5"]
[White "Doppelgangland"]
[Black "Carl_Flemming"]
[Result "0-1"]
[WhiteElo "1910"]
[BlackElo "2002"]

1. d4 g6 2. c4 d5 3. cxd5 Qxd5 4. Nc3 Qa5 5. e3 c6 6. Bd3 Bg7 7. Ne2 Bg4 8. Bd2
Qc7 9. h3 Bxe2 10. Qxe2 e6 11. Rc1 Qb6 12. b3 Nf6 13. O-O O-O 14. Qe1 Nbd7 15.
Ne4 Nxe4 16. Ba5 Nef6 17. Bxb6 Nxb6 18. Qe2 Rad8 19. Qc2 Nfd5 20. a3 e5 21. dxe5
Bxe5 22. h4 Nc3 23. h5 Rd6 24. hxg6 hxg6 25. f4 Bg7 26. g3 Rfd8 27. Bxg6 Rxg6
28. Rf3 Rgd6 29. Rf2 Nbd5 30. Rd2 f5 31. Qxf5 Rf8 32. Qg4 Nxe3 33. Qxg7+ Kxg7
34. Rxd6 Ne2+ 35. Kf2 Nxc1 36. Kxe3 Nxb3 37. Rd7+ Rf7 38. Rd3 Nc5 39. Rc3 b6 40.
Kf3 Ne6 41. Kg4 c5 42. a4 Nd4 43. a5 Rf5 44. axb6 axb6 45. Rb3 b5 46. Rxb5 Rxf4+
47. Kxf4 Nxb5 48. Ke3 c4 49. Kd2 c3+ 50. Kc2 Kg6 51. Kb3 Kg5 52. Kc2 Kg4 53. Kb3
Kxg3 54. Kc2 Kf4 55. Kd3 Ke5 56. Kc2 Kd4 57. Kc1 Kd3 58. Kd1 c2+ 59. Kc1 Nd4 60.
Kb2 Kd2 61. Ka2 Ne2 0-1

[Event "Trollope"]
[Site "http://www.queenalice.com/game.php?id=894053"]
[Date "2011.2.5"]
[Round "-"]
[White "agargent"]
[Black "Doppelgangland"]
[Result "1-0"]
[WhiteElo "1981"]
[BlackElo "1906"]

1. d4 d5 2. c4 e6 3. Nc3 Nf6 4. Bg5 Be7 5. e3 O-O 6. Nf3 Nbd7 7. Rc1 c6 8. Bd3
dxc4 9. Bxc4 Nd5 10. Bxe7 Qxe7 11. O-O Nxc3 12. Rxc3 e5 13. dxe5 Nxe5 14. Nxe5
Qxe5 15. f4 Qf6 16. e4 b6 17. e5 Qe7 18. Qe2 c5 19. f5 Re8 20. Qh5 Bd7 21. Rh3
Kf8 22. Qxh7 Qxe5 23. f6 Qd4+ 24. Kh1 Qxf6 25. Rxf6 Re1+ 26. Rf1 1-0

[Event "Let's Play Chess!"]
[Site "http://www.queenalice.com/game.php?id=895427"]
[Date "2011.2.5"]
[Round "-"]
[White "oscarpov"]
[Black "Doppelgangland"]
[Result "0-1"]
[WhiteElo "1926"]
[BlackElo "1888"]

1. d4 d5 2. c4 e6 3. Nc3 Nf6 4. cxd5 exd5 5. Bg5 Be7 6. e3 Nbd7 7. Bd3 O-O 8.
Nge2 Re8 9. O-O c6 10. f3 h6 11. Bh4 Nf8 12. Re1 Bd6 13. e4 dxe4 14. fxe4 Be7
15. e5 Ng4 16. Bxe7 Rxe7 17. Nf4 Qxd4+ 18. Kf1 Qf2# 0-1

[Event "Let's Play Chess!"]
[Site "http://www.queenalice.com/game.php?id=1129813"]
[Date "2012.12.10"]
[Round "-"]
[White "gustavline"]
[Black "Doppelgangland"]
[Result "0-1"]
[WhiteElo "1878"]
[BlackElo "1916"]

1. e4 e6 2. d4 d5 3. e5 c5 4. c3 Nc6 5. Nf3 Qb6 6. Bd3 cxd4 7. cxd4 Bd7 8. Bc2
Nb4 9. Nc3 Ne7 10. a3 Nxc2+ 11. Qxc2 Nf5 12. Qd2 Be7 13. O-O O-O 14. b4 Rac8 15.
Bb2 Rc4 16. Qd3 Nxd4 17. Rad1 Nb5 18. Nd2 Rc7 19. Na4 Qa6 20. Qb3 Nd4 21. Bxd4
Bxa4 22. Qe3 Bxd1 23. Rxd1 b6 24. Nf3 Rfc8 25. h3 h6 26. g4 Rc2 27. Rd2 Rc1+ 28.
Kg2 R1c2 29. h4 Rxd2 30. Nxd2 Bxh4 31. Nf3 Be7 32. Kg3 Rc2 33. g5 Qe2 34. gxh6
Qxe3 35. Bxe3 gxh6 36. Bxh6 Rc3 37. a4 Bxb4 0-1